[Event "1st Killer Chess Training Open 2023"]
[Site "Copenhagen"]
[Date "2023.10.22"]
[Round "9.5"]
[White "Cherniack, Alex"]
[Black "Castellanos Rodriguez, Reiner"]
[Result "0-1"]
[WhiteElo "2173"]
[BlackElo "2487"]
[EventDate "2023.10.14"]
[EventType "swiss"]
[EventRounds "9"]
[EventCountry "DEN"]
[SourceTitle "Live v. Obro Skakforening"]

1. d4   Nf6  2. c4   d6  3. Nf3   g6  4. g3   Bg7  5. Bg2   O-O  6. O-O   Nbd7  7. Nc3   e5  8. h3   Re8  9. dxe5   dxe5  10. Be3  10... c6  11. Nd2   Nb6  12. Kh2   h5  13. b3   Bf5  14. Nde4   Nxe4  15. Nxe4   Bxe4  16. Bxe4   Qe7  17. Qe1   Nd7  18. b4   f5  19. Bc2   e4  20. Rd1  20... Ne5  21. Bb3   Nf7  22. Bc5   Qc7  23. Qd2   Rad8  24. Qe3   b6  25. Bd4   c5  26. Bxg7   Kxg7  27. a3   h4  28. Kg2   Qe5  29. Ba4   Rf8  30. Rxd8  30... Rxd8  31. Bc6   Rd4  32. Bd5   Nd6  33. bxc5   bxc5  34. Rb1   hxg3  35. fxg3   Qe7  36. Rb8   Kh7  37. Qc3   e3  38. Qa5   Nxc4  39. Qb5   Kh6  40. Rh8+  40... Kg5  41. h4+   Kf6  42. Re8   Nd6  43. Qxc5   Qxe8  44. Qxd4+   Qe5  45. Qxe5+   Kxe5  46. Bb3   Nb5  47. a4   Nd4  48. Bc4   a5  49. Bd3   Kf6  50. g4  50... f4  51. Bc4   g5  52. h5   Nc6  53. Bd3   Ne5  54. Bf5   Nc4  55. Be4   Ne5  56. Bf5   Ke7  57. Kf1   Nf7  58. Ke1   Nh6  59. Bc8   Kd6  60. Kd1  60... Ke5  61. Kc2   f3  62. exf3   Kf4  63. Kd1   Kxf3  64. Ke1   Nf7  65. Be6   Ne5  66. Bf5   e2  67. h6   Ke3  68. Be4   Kxe4  69. Kxe2   Nf7  0-1

[Event "1st Killer Chess Training Open 2023"]
[Site "Copenhagen"]
[Date "2023.10.22"]
[Round "9.6"]
[White "Jacobsen, Mikkel Manosri"]
[Black "Hector, Jonny"]
[Result "0-1"]
[WhiteElo "2321"]
[BlackElo "2436"]
[EventDate "2023.10.14"]
[EventType "swiss"]
[EventRounds "9"]
[EventCountry "DEN"]
[SourceTitle "Live v. Obro Skakforening"]

1. c4   e5  2. g3   Nf6  3. Bg2   c6  4. Nf3   e4  5. Nd4   d5  6. cxd5   Qxd5  7. e3   Bg4  8. Qc2   Na6  9. Nc3   Nb4  10. Qb1  10... Qc4  11. Bxe4   c5  12. b3   Qa6  13. Ndb5   O-O-O  14. O-O   Nxe4  15. Qxe4   f5  16. Qc4   Nd3  17. f3   Bh3  18. Rd1   f4  19. Qa4   Qxa4  20. Nxa4  20... Bd7  21. Nbc3   Bc6  22. e4   g5  23. Nb2   Bg7  24. g4   h5  25. gxh5   Ne5  26. Kg2   Rxh5  27. h3   Rdh8  28. Rh1   Bd7  29. d4   cxd4  30. Nd5  30... Rxh3  31. Rxh3   Rxh3  32. Nc4   Rg3+  33. Kh1   Nxc4  34. bxc4   Rxf3  35. Bd2   Rh3+  36. Kg2   f3+  37. Kf2   Rh2+  0-1

[Event "1st Killer Chess Training Open 2023"]
[Site "Copenhagen"]
[Date "2023.10.22"]
[Round "9.8"]
[White "Loftgaard, Mikkel Vinh"]
[Black "Holinka, Henning"]
[Result "1/2-1/2"]
[WhiteElo "2151"]
[BlackElo "2263"]
[EventDate "2023.10.14"]
[EventType "swiss"]
[EventRounds "9"]
[EventCountry "DEN"]
[SourceTitle "Live v. Obro Skakforening"]

1. e4   c5  2. Nf3   d6  3. Bb5+   Nd7  4. d4   cxd4  5. Qxd4   a6  6. Bxd7+   Bxd7  7. O-O   Nf6  8. Bg5   e6  9. Nbd2   Bc6  10. Nc4  10... Bxe4  11. Bxf6   Qxf6  12. Qxe4   d5  13. Qe2   dxc4  14. Qxc4   Be7  15. Qb3   O-O  16. a4   Bc5  17. Rad1   Qe7  18. Ne5   Rfd8  19. Qf3   Bd4  20. Nd3  20... Qc7  21. c3   Bf6  22. Qe4   Qb6  23. Qb4   Qxb4  24. Nxb4   Kf8  25. Rfe1   Be7  26. Nc2   Ke8  27. Kf1   Rxd1  28. Rxd1   Rd8  29. Rxd8+   Bxd8  30. Ke2  30... Kd7  31. Kd3   f5  32. Kc4   Kd6  33. b4   g5  34. f3   h5  35. h3   Bb6  36. a5   Bf2  37. Kd3   e5  38. g4   hxg4  39. hxg4   Ke6  40. c4  40... e4+  41. Ke2   Bg1  42. gxf5+   Kxf5  43. Ne3+   Kf4  44. Nd5+   Ke5  45. Nc7   Kd4  46. b5   Kxc4  47. bxa6   bxa6  48. fxe4   Bh2  49. Nxa6   g4  50. Kf2  50... Kb5  51. Nb4   Kxb4  52. a6   Bb8  53. e5   Bxe5  54. a7   Bd4+  55. Kg3   Bxa7  56. Kxg4  1/2-1/2

[Event "1st Killer Chess Training Open 2023"]
[Site "Copenhagen"]
[Date "2023.10.22"]
[Round "9.9"]
[White "Praczukowski, Stanislaw"]
[Black "Perets, Dmytro"]
[Result "1-0"]
[WhiteElo "2146"]
[BlackElo "2154"]
[EventDate "2023.10.14"]
[EventType "swiss"]
[EventRounds "9"]
[EventCountry "DEN"]
[SourceTitle "Live v. Obro Skakforening"]

1. d4   Nf6  2. c4   c5  3. d5   b5  4. cxb5   a6  5. e3   axb5  6. Bxb5   Qa5+  7. Nc3   Bb7  8. Bd2   Qb6  9. Nf3   Nxd5  10. a4  10... e6  11. O-O   Be7  12. e4   Nxc3  13. Bxc3   Bxe4  14. Ne5   Bd5  15. Qh5   O-O  16. Rae1   f6  17. Bd3   f5  18. Re3   Qd8  19. Rh3   h6  20. Rg3  20... Bf6  21. Qxh6   d6  22. Nc6   Qc7  23. Bxf6   Rxf6  24. Qxf6   Nxc6  25. Qg6   Ne5  26. Qh5   Qb7  27. Bb5   f4  28. Rg5   f3  29. g3   Nf7  30. Rg4  30... Ne5  31. Rh4   Qe7  32. Qh7+   Kf8  33. Rf4+   Nf7  34. Qh8#  1-0

[Event "1st Killer Chess Training Open 2023"]
[Site "Copenhagen"]
[Date "2023.10.22"]
[Round "9.10"]
[White "Lauritsen, Martin Lee"]
[Black "Vuelban, Virgilio"]
[Result "1-0"]
[WhiteElo "2088"]
[BlackElo "2232"]
[EventDate "2023.10.14"]
[EventType "swiss"]
[EventRounds "9"]
[EventCountry "DEN"]
[SourceTitle "Live v. Obro Skakforening"]

1. e4   Nf6  2. e5   Ng8  3. d4   d6  4. exd6   Qxd6  5. Nc3   Nf6  6. Nf3   g6  7. Ne5   Bg7  8. Bc4   O-O  9. Be3   a6  10. O-O  10... Nc6  11. Nxc6   Qxc6  12. Bb3   Bf5  13. Qe2   Rad8  14. Rad1   Bg4  15. f3   Be6  16. Bxe6   Qxe6  17. Rfe1   Nd5  18. Nxd5   Qxd5  19. b3   e6  20. Rd3  20... c6  21. Red1   Rd7  22. Qd2   Qh5  23. Qf2   Qf5  24. Qh4   h5  25. Qg5   Qb5  26. a4   Qb4  27. Qc5   a5  28. Kf1   Rd5  29. Qxb4   axb4  30. Bd2  30... Rfd8  31. Bxb4   Rxd4  32. Rxd4   Rxd4  33. Rxd4   Bxd4  34. Ke2   f5  35. Kd3   Be5  36. h3   Kf7  37. Bc5   Ke8  38. b4   Kd7  39. Be3   Bd6  40. Bd2  40... e5  41. c4   Ke6  42. a5   Bc7  43. b5   c5  44. g4   e4+  45. fxe4   fxg4  46. hxg4   Kd7  47. gxh5   gxh5  48. Ke2   h4  49. Kf3   h3  50. a6  50... bxa6  51. bxa6   Kc6  52. Bc3   Bf4  53. Ba5   h2  54. Kg2   Bg3  55. Bd8   Be5  56. Kh1   Bf4  57. Bf6   Bb8  58. e5   Kd7  59. Kxh2   Ke6  60. Kg3  60... Kf5  61. Kf3   Ba7  62. Ke3   Bb6  63. Kd3   Ba7  64. Kc3   Ke6  65. Kb3   Kd7  66. Ka4   Bb6  67. Kb5   Ba7  68. Bh4  1-0

[Event "1st Killer Chess Training Open 2023"]
[Site "Copenhagen"]
[Date "2023.10.22"]
[Round "9.11"]
[White "Falkesgaard, Jeppe Hald"]
[Black "Eckert, Doug"]
[Result "1/2-1/2"]
[WhiteElo "2162"]
[BlackElo "2116"]
[EventDate "2023.10.14"]
[EventType "swiss"]
[EventRounds "9"]
[EventCountry "DEN"]
[SourceTitle "Live v. Obro Skakforening"]

1. c4   e6  2. g3   d5  3. Bg2   Nf6  4. Nf3   Be7  5. O-O   O-O  6. b3   c5  7. cxd5   Nxd5  8. Bb2   Nc6  9. Nc3   Nc7  10. Na4  10... Rb8  11. Rc1   Na6  12. d4   b6  13. dxc5   b5  14. Ne5   Nxe5  15. Bxe5   bxa4  16. Bxb8   Nxb8  17. Qxd8   Bxd8  18. b4   Ba6  19. c6   Bc7  20. Rc5  20... Bxe2  21. Re1   Na6  22. Rxe2   Nxc5  23. bxc5   Rb8  24. Re4   Rb1+  25. Bf1   Rc1  26. Rb4   Rxc5  27. Rb7   Rxc6  28. Rxa7   g6  29. Rxa4   Rc2  30. Ra8+  30... Kg7  31. Rc8   Kf6  32. a4   Ke7  1/2-1/2

[Event "1st Killer Chess Training Open 2023"]
[Site "Copenhagen"]
[Date "2023.10.22"]
[Round "9.12"]
[White "Thorsen, Adrian Stenstrop"]
[Black "Snedker, Oliver Kaehne"]
[Result "1-0"]
[WhiteElo "2165"]
[BlackElo "1990"]
[EventDate "2023.10.14"]
[EventType "swiss"]
[EventRounds "9"]
[EventCountry "DEN"]
[SourceTitle "Live v. Obro Skakforening"]

1. e4   c5  2. Nf3   d6  3. d4   cxd4  4. Nxd4   Nf6  5. Nc3   a6  6. Be2   e5  7. Nb3   Be7  8. Be3   Be6  9. Nd5   Nxd5  10. exd5  10... Bf5  11. Qd2   Nd7  12. Na5   Qc7  13. c4   O-O  14. O-O   e4  15. Bd4   Bf6  16. Bxf6   Nxf6  17. b4   b6  18. Nb3   Nd7  19. Rfc1   Rfc8  20. Nd4  20... Bg6  21. h4   h5  22. g4   hxg4  23. Bxg4   Ne5  24. Bxc8   Rxc8  25. Qg5   Qd7  26. h5   Bh7  27. Rc3   Nd3  28. Kh2   Qd8  29. Qxd8+   Rxd8  30. Nc6  30... Re8  31. c5   bxc5  32. bxc5   Nxc5  33. Rxc5   dxc5  34. d6   Bf5  35. Ne7+   Rxe7  36. dxe7   Bd7  37. Rd1  1-0